مكتبة جامعة عجلون الوطنية

فهرس بحث المكتبة

Normal view MARC view
  • احمد بن عبدالله القريمي الحنفي 879هجري- فقه اسلامي

Entry Topical Term

Number of records used in: 1

001 - CONTROL NUMBER

  • control field: 57880

003 - CONTROL NUMBER IDENTIFIER

  • control field: JO-AjAnu

005 - DATE AND TIME OF LATEST TRANSACTION

  • control field: 20230606083456.0

008 - FIXED-LENGTH DATA ELEMENTS

  • fixed length control field: 230606|| aca||aabn | a|a d

040 ## - CATALOGING SOURCE

  • Original cataloging agency: JO-AjAnu
  • Transcribing agency: JO-AjAnu

150 ## - HEADING--TOPICAL TERM

  • Topical term or geographic name entry element: احمد بن عبدالله القريمي الحنفي 879هجري- فقه اسلامي

670 ## - SOURCE DATA FOUND

  • Source citation: Work cat.: (JO-AjAnu)29531: اعداد مناع، احمد محمد نايف؛ اشراف عبد المجيد محمد الصلاحين, author 57879, دراسة وتحقيق مخطوط" حاشية القريمي على التلويح" للإمام احمد بن عبدالله القريمي الحنفي 879هجري من بداية كتاب القياس الى نهاية الكتاب = Critical Study and Authenticity of Book Manuscript " Hasheiat Alqereemi aia Altalweeh " by Ahmad ben Abdullah Alqereemi Alhanafi- 879AH from the beginning of Al-Qeyas to the end of the book